[Event "Centrocoop op"]
[Site "Eforie Nord"]
[Date "2000.??.??"]
[Round "?"]
[White "Ciobanu, Camelia Adriana"]
[Black "Verona, Arthur"]
[Result "1-0"]
[WhiteElo "2205"]
[BlackElo "1825"]
[PlyCount "81"]
[EventDate "2000.??.??"]
[EventType "swiss"]
[EventRounds "9"]
[EventCountry "ROU"]
[SourceTitle "EXT 2004"]
[Source "ChessBase"]
[SourceDate "2003.11.25"]
[SourceVersion "1"]
[SourceVersionDate "2003.11.25"]
[SourceQuality "1"]

1. e4 e6 2. d3 d5 3. Nd2 Nf6 4. Ngf3 Bc5 5. e5 Nfd7 6. c3 Be7 7. g3 c5 8. Bg2 Nc6 9. Qe2 b6 10. 0-0 Ba6 11. Re1 Qc7 12. Nf1 Rc8 13. h4 b5 14. Bf4 Nb6 15. Rac1 c4 16. d4 b4 17. h5 h6 18. g4 Na4 19. Ng3 Rb8 20. Rc2 Qa5 21. Qd2 Kd7 22. g5 hxg5 23. Bxg5 Nxb2 24. Bxe7 bxc3 25. Qg5 Nxe7 26. Qxg7 Nd3 27. Ree2 Nf4 28. Re3 Nxh5 29. Nxh5 Rxh5 30. Qxf7 Rb1+ 31. Ne1 Rg5 32. Kf1 Rb2 33. Bh3 Qb6 34. Rcxc3 Rxa2 35. Rf3 Rg6 36. Rf6 Rxf6 37. exf6 Qd6 38. fxe7 Qxe7 39. Bxe6+ Kd6 40. Qxe7+ Kxe7 41. Bxd5 1-0

[Event "Centrocoop op"]
[Site "Eforie Nord"]
[Date "2000.??.??"]
[Round "?"]
[White "Gartung, Oleg"]
[Black "Verona, Arthur"]
[Result "0-1"]
[WhiteElo "1650"]
[BlackElo "1825"]
[PlyCount "128"]
[EventDate "2000.??.??"]
[EventType "swiss"]
[EventRounds "9"]
[EventCountry "ROU"]
[SourceTitle "EXT 2004"]
[Source "ChessBase"]
[SourceDate "2003.11.25"]
[SourceVersion "1"]
[SourceVersionDate "2003.11.25"]
[SourceQuality "1"]

1. e4 e6 2. d4 d5 3. e5 Ne7 4. Nf3 b6 5. Bd3 Ba6 6. 0-0 Qd7 7. c3 Bxd3 8. Qxd3 Nf5 9. b4 c5 10. bxc5 bxc5 11. dxc5 Bxc5 12. a4 0-0 13. Nbd2 Nc6 14. Nb3 Be7 15. Nbd4 Nfxd4 16. cxd4 Nb4 17. Qe2 Rfc8 18. Bd2 Rc4 19. Bxb4 Bxb4 20. Qd1 Rac8 21. a5 Qc7 22. a6 Qb6 23. Qb3 Ba5 24. Qa3 Bb4 25. Qb3 Bc3 26. Qxb6 axb6 27. Rab1 Ba5 28. Rfd1 Ra8 29. Rd3 Rxa6 30. Nd2 Bxd2 31. Rxd2 b5 32. g3 b4 33. Kf1 h6 34. Ke2 Ra3 35. Rbb2 b3 36. Kd3 Raa4 37. Ke3 Rc3+ 38. Rd3 Ra2 39. Rxc3 Rxb2 40. Rc8+ Kh7 41. Rb8 Rb1 42. h4 b2 43. Ke2 Kg6 44. Rb7 h5 45. Kf3 Rd1 46. Rxb2 Rxd4 47. Kg2 Re4 48. f4 Rc4 49. Rb7 Rc2+ 50. Kf3 Rc3+ 51. Kf2 d4 52. Rd7 d3 53. Ke3 d2+ 54. Kf2 Rc2 55. Ke3 Rb2 56. Kf3 Rb3+ 57. Kf2 Kf5 58. Rxf7+ Ke4 59. Ke2 Rd3 60. Kd1 Ke3 61. Ra7 Rc3 62. Ra1 Rc1+ 63. Rxc1 dxc1Q+ 64. Kxc1 g6 0-1